000 01447 a2200217 4500
003 Nust
005 20221011132340.0
010 _a 73076186
020 _a0721676308
040 _cNust
082 0 0 _a540,ROC
100 1 _aRock, Peter A.,
_944743
245 1 0 _aChemistry:
_bprinciples and applications /
_cPeter A. Rock and George A. Gerhold.
260 _aPhiladelphia,
_bSaunders,
_c1974.
300 _axvi, 716, 23, x p.
_billus.
_c27 cm.
490 0 _aSaunders golden series
505 _aThe Atom (Page-3), Atomic Spectra and Atomic Structure (Page-19), Molecules (Page-69), Modern Treatments of Chemical Bonding (Page-89), Gases (Page-135), Crystals (Page-165), Stoichiometry and Chemical Reactions (Page-197), Liquids and Solutions (Page-216), Principles of Classical Thermodynamics (Page-230), Phase Equilibria (Page-273), Chemical Equilibrium Principles (Page-298), Chemical Equilibrium Applications to Homogeneous Equilibria (Page-328), Chemical Equilibrium Part III Applications to Heterogeneous Equilibria (Page-369), Electrochemistry (Page-402), The Reaction Rate Law (Page-446) Chemical Kinetics (Page-479), The A Group Metals (Page-516), The Metalloids (Page-534), The Non Metals (Page-552), Coordination Chemistry of the Transition Metals (Page-593), Organic Chemistry (Page-654), Biochemistry (Page-685), Nuclear Chemistry (Page-705).
650 0 _aChemistry.
700 1 _aGerhold, George A.,
_999896
942 _2ddc
_cBK
999 _c183379
_d183379